Not Afraid Lyrics (SHORT) - EMINEM - Statistics

General Stats
  • This quiz has been taken 1,220 times
  • The average score is 8 of 17
Answer Stats
Hint Answer % Correct
Cause ain't no way I'ma let you stop me from _______ ______ causing mayhem
75%
I'm doing ____ ___ __, so **** the world- this for me
72%
_ ___'_ ____ _ ____ what you think, i dont give a damn
69%
You can try and ____ __ ______ off of this paper before I lay 'em read my lyrics
64%
____ __ _____, it's gassed up, if it thinks it's stopping me feed it beans
59%
To pull his dick from the dirt, and **** the _____ ________ whole universe
59%
And all those who look down on me I'm _______ ____ ____ _______ tearing down your balcony
55%
When I say _'__ __ _________ I do it, ima do something
50%
But you won't take the _____ ___ _____ words before I say 'em sting out these
49%
I'ma be what I set out to be, without a _____ ___________ doubt undoubtedly
48%
__'_ _______ to the game, like a **** you for Christmas hes married
43%
He's still ****ting, whether he's on ______ ____ ______ salary paid hourly
37%
From "________" down to the last "_______" album infinite relapse
34%
Until he bows out or he *****s his ______ ___ of him bowels out
33%
No ifs, ands or buts, don't try to ask him ___ __ ___ can he why or how
33%
His gift is a curse, forget the _____, he's got the urge earth
32%
_________ _____ _____ for better or worse whichever comes first
28%
No matching quizzes found
Score Distribution
Percent of People with Each Score
Percentile by Number Answered
Your Score History
You have not taken this quiz